=LDR 00000nam 2200000 4500 =001 INLIS000000000026026 =005 20130612124506 =008 ***********************************Ind** =035 ##$$0010-061300000026026 =041 ##$$a Ind =082 ##$$a 176 =090 ##$$a 176, Nad b =100 ##$$a Nadesul, Handrawan =245 ##$$a Dari balik kamar praktik dokter, Handrawan Nadesul =260 ##$$a [s.a] $b Jakarta =300 ##$$a 260 hlm, 18 cm =650 ##$$a Etika Seksual =850 ##$$a NBPNMAT